Siêu âm tổng quát

Siêu âm là phương pháp chẩn đoán hình ảnh y khoa phổ biến nhất, gần như vô hại đối với cơ thể sống và có thể coi là hiệu quả nhất vì nó đưa lại thông tin quí báu có tính định hướng, định khu cũng như thông tin về cấu trúc của tổn thư...

Cur síos iomlán

Đã lưu trong:
Sonraí Bibleagrafaíochta
Príomhúdar: Phạm Minh Thông (Chủ biên)
Údair Eile: Bùi Văn Giang, Lê Hoàng
Formáid: Leabhar
Teanga:Vietnamese
Foilsithe: Huế Đại học Huế 2017
Eagrán:Ấn bản lần thứ 4
Ábhair:
Clibeanna: Cuir Clib Leis
Gan Chlibeanna, Bí ar an gcéad duine leis an taifead seo a chlibeáil!
Thư viện lưu trữ: Thư viện Trường Đại học Nam Cần Thơ
LEADER 01969nam a22002897a 4500
001 NCT_59678
008 190218b xxu||||| |||| 00| 0 vie d
999 |c 2897  |d 2897 
020 |a 9786049128561  |c 550000 
082 0 4 |2 23rd ed.  |a 616.0754  |b H507 
100 1 |a Phạm Minh Thông  |e Chủ biên 
245 1 0 |a Siêu âm tổng quát  |c Phạm Minh Thông (chủ biên) ; Bùi Văn Giang, Lê Hoàng 
250 |a Ấn bản lần thứ 4 
260 |a Huế  |b Đại học Huế  |c 2017 
300 |a 635 tr.  |b Minh họa  |c 27cm 
504 |a Chỉ mục : Tr. 583-635 
520 3 |a Siêu âm là phương pháp chẩn đoán hình ảnh y khoa phổ biến nhất, gần như vô hại đối với cơ thể sống và có thể coi là hiệu quả nhất vì nó đưa lại thông tin quí báu có tính định hướng, định khu cũng như thông tin về cấu trúc của tổn thương với chi phí tương đối thấp. 
653 |a Y đa khoa 
700 1 |a Bùi Văn Giang 
700 1 |a Lê Hoàng 
942 |2 ddc  |c BK 
952 |0 0  |1 0  |2 ddc  |4 0  |6 616_075400000000000_H507  |7 0  |9 15589  |a 000001  |b 000001  |d 2019-02-18  |o 616.0754 H507  |p MD.14336  |r 2019-02-18  |v 550000.00  |w 2019-02-18  |y BK 
952 |0 0  |1 0  |2 ddc  |4 0  |6 616_075400000000000_H507  |7 0  |9 15590  |a 000001  |b 000001  |d 2019-02-18  |o 616.0754 H507  |p MD.14337  |r 2019-02-18  |v 550000.00  |w 2019-02-18  |y BK 
952 |0 0  |1 0  |2 ddc  |4 0  |6 616_075400000000000_H507  |7 0  |9 15591  |a 000001  |b 000001  |d 2019-02-18  |o 616.0754 H507  |p MD.14338  |r 2019-02-18  |v 550000.00  |w 2019-02-18  |y BK 
952 |0 0  |1 0  |2 ddc  |4 0  |6 616_075400000000000_H507  |7 0  |9 15592  |a 000001  |b 000001  |d 2019-02-18  |o 616.0754 H507  |p MD.14339  |r 2019-02-18  |v 550000.00  |w 2019-02-18  |y BK 
952 |0 0  |1 0  |2 ddc  |4 0  |6 616_075400000000000_H507  |7 0  |9 15593  |a 000001  |b 000001  |d 2019-02-18  |o 616.0754 H507  |p MD.14340  |r 2019-02-18  |v 550000.00  |w 2019-02-18  |y BK 
980 |a Thư viện Trường Đại học Nam Cần Thơ